| 000 | 00752cam a2200265ua 4500 | ||
|---|---|---|---|
| 020 | _a0-85404-717-4 | ||
| 082 |
_a572.2 _bWRI/PH |
||
| 100 |
_a. _91500 |
||
| 245 | 0 | 0 | _aPhytochemical Diversity: A Source of New Industrial Products |
| 250 | _a1 / | ||
| 260 |
_aCambridge : _bThe Royal Society of Chemistry , _c1997. |
||
| 300 | _a254 ; . | ||
| 650 |
_aDrug discovery _91501 |
||
| 650 |
_aEthnobotanical Approach _91502 |
||
| 650 |
_aNatural products-screening _91503 |
||
| 650 |
_aThai medicinal plants _91504 |
||
| 650 |
_aTraditional Healing _91505 |
||
| 700 | 1 |
_aWrigley, Stephen . _91506 |
|
| 700 | 1 |
_aChrystal, Ewan _91507 |
|
| 700 | 1 |
_aHayes, Martin . _91508 |
|
| 700 | 1 |
_aThomas, Robert . _91509 |
|
| 942 | _cREF | ||
| 999 |
_c7 _d7 |
||
| 003 | @ | ||
| 003 | OSt | ||